Die rumänischen Platzierungen bei der Europameisterschaft - Statistiken

Allgemein
  • Dieses Quiz wurde 6 mal gespielt
    3 seit der letzten Aktualisierung
  • Das Durchschnittsergebnis liegt bei 3 aus 6
Antwortstatistiken
Hint Antwort % Korrekt
1996 Gruppenphase
100%
2024 Achtelfinale
50%
2008 Gruppenphase
50%
2016 Gruppenphase
50%
2000 Viertelfinale
50%
1984 Gruppenphase
0%
Keine übereinstimmenden Quizze gefunden
Verteilung der Resultate
Anzahl Personen mit jedem Resultat
Perzentil nach korrekt beantworteten Fragen
Ihre Resultats-Entwicklung
Sie haben dieses Quiz seit der letzten Aktualisierung nicht gespielt